The creative critic / (Record no. 17567)
[ view plain ]
| 000 -LEADER | |
|---|---|
| fixed length control field | 00908cam a22002531 4500 |
| 001 - CONTROL NUMBER | |
| control field | 17567 |
| 003 - CONTROL NUMBER IDENTIFIER | |
| rucl marc code | BD-RjUL |
| 005 - DATE AND TIME OF LATEST TRANSACTION | |
| control field | 20211209000148.0 |
| 008 - FIXED-LENGTH DATA ELEMENTS--GENERAL INFORMATION | |
| fixed length control field | 140217s1948 ilu 000 0 eng |
| 035 ## - SYSTEM CONTROL NUMBER | |
| System control number | (BD-RjUL)17625 |
| System control number | (OCoLC)1705143 |
| 040 ## - CATALOGING SOURCE | |
| Original cataloging agency | DLC |
| Transcribing agency | OAU |
| Modifying agency | OCoLC |
| -- | DLC |
| -- | BD-RjUL |
| Language of cataloging | eng |
| 041 ## - LANGUAGE CODE | |
| Language code of text/sound track or separate title | eng |
| 082 ## - DEWEY DECIMAL CLASSIFICATION NUMBER | |
| Classification number | 801 |
| Author mark and year | GRC |
| 100 1# - MAIN ENTRY--PERSONAL NAME | |
| Personal name | Grabo, Carl Henry, |
| Dates associated with a name | 1881- |
| 9 (RLIN) | 54140 |
| 245 14 - TITLE STATEMENT | |
| Title | The creative critic / |
| Statement of responsibility, etc. | Carl Grabo |
| 260 ## - PUBLICATION, DISTRIBUTION, ETC. (IMPRINT) | |
| Place of publication, distribution, etc. | Chicago : |
| Name of publisher, distributor, etc. | Univ. of Chicago Press, |
| Date of publication, distribution, etc. | 1948. |
| 300 ## - PHYSICAL DESCRIPTION | |
| Pagination | v, 135 p. ; |
| Size | 20 cm. |
| 505 0# - FORMATTED CONTENTS NOTE | |
| Formatted contents note | The role of criticism.--The one and the many.--Criticism and experimentation.--Unity.--Multiplicity.--The novelist as prophet.--The creative imagination.--Concerning credulity.--Fiction come of age.--The creative critic.--A proposed literary foundation. |
| 650 #0 - SUBJECT ADDED ENTRY--TOPICAL TERM | |
| Topical term or geographic name as entry element | Criticism. |
| 9 (RLIN) | 54141 |
| 942 ## - ADDED ENTRY ELEMENTS (KOHA) | |
| Source of classification or shelving scheme | Dewey Decimal Classification |
| Koha item type | Books |
| Lost status | Source of classification or shelving scheme | Damaged status | Not for loan | Collection code | Permanent Location | Current Location | Shelving location | Date acquired | Source of acquisition | Cost, normal purchase price | Total Checkouts | Full call number | Date last seen | Copy number | Koha item type |
|---|---|---|---|---|---|---|---|---|---|---|---|---|---|---|---|
| Dewey Decimal Classification | Not For Loan | Fiction | Central Library, University of Rajshahi | Central Library, University of Rajshahi | Reading Room | 13/02/1958 | U. S. I. S. | 0.00 | 801 GRC 1948 | 17/02/2014 | C-1 | Books |